Filmy według obrazu - Statystyki

Ogólne statystyki
  • Ten quiz został rozwiązany 148 razy
  • Średni wynik to 11 z 16
Statystyki odpowiedzi
Obrazkowy Hint Odpowiedź % Poprawnych
1994 Mufasa: Król Lew
98%
1997 Titanic
98%
2003 Piraci z Karaibów
96%
2018 Spider Man Uniwersum
94%
2000 Gladiator
90%
1994 Forrest Gump
88%
1999 Matrix
81%
1955 Zuzia i Hultaj
77%
2009 Avatar
65%
1980 Lśnienie
58%
2011 Nietykalni
57%
1982 E.T.
56%
2014 Grand Budapest Hotel
39%
1961 Śniadanie u Tiffany'ego
36%
2005 Tajemnica Brokeback Mountain
35%
1964 Mary Poppins
12%
Nie znaleziono quizów pasujących do podanych kryteriów
Rozkład punktacji
Procent ludzi z każdym wynikiem
Percentyl według liczby udzielonych odpowiedzi
Twoja historia wyników
Nie rozwiązałeś tego quizu